| 000 | 00585cam a2200217ua 4500 | ||
|---|---|---|---|
| 001 | 48 | ||
| 008 | 171012n ii |||gr||||Z||||||eng | ||
| 020 | _a81-7656-964-X | ||
| 040 | _cMAIN | ||
| 041 | _aeng | ||
| 082 | _a005 | ||
| 100 | _aBayross, Ivan., | ||
| 245 |
_aSQL, PL/SQL : _bThe Programming Language of Oracle. / _cBy Ivan Bayross. |
||
| 250 | _a4th. | ||
| 260 |
_aNew Delhi.: _bBPB Publication., _c2009. |
||
| 300 |
_axii, 470 p.: _bill.; _c20 cm.+ _eCD. |
||
| 653 | _aComputer Science. | ||
| 653 | _aProgramming language of Oracle. | ||
| 700 | 1 | _aBayross, Ivan., | |
| 942 | _cBK | ||
| 999 |
_c40 _d40 |
||